|
|
|
|
| LEADER |
01462nam a2200361 i 4500 |
| 001 |
40056 |
| 003 |
BD-DhAAL |
| 005 |
20221116151736.0 |
| 008 |
221116t2017 nyu b 001 0 eng |
| 999 |
|
|
|c 45059
|d 45059
|
| 010 |
|
|
|a 2017017988
|
| 020 |
|
|
|a 9781610397575 (hardcover)
|
| 040 |
|
|
|a DLC
|b eng
|c DLC
|e rda
|d DLC
|d BD-DhAAL
|
| 042 |
|
|
|a pcc
|
| 050 |
0 |
0 |
|a HD60
|b .Y863 2017
|
| 082 |
0 |
0 |
|a 330
|2 23
|
| 100 |
1 |
|
|a Yunus, Muhammad,
|d 1940-
|e author.
|9 52397
|
| 245 |
1 |
2 |
|a A world of three zeros :
|b the new economics of zero poverty, zero unemployment, and zero net carbon emissions /
|c Muhammad Yunus with Karl Weber.
|
| 250 |
|
|
|a First edition.
|
| 260 |
|
|
|a New York :
|b PublicAffairs,
|c 2017
|
| 300 |
|
|
|a vii, 288 pages ;
|c 25 cm.
|
| 504 |
|
|
|a Includes bibliographical references and index.
|
| 541 |
|
|
|a Donated by Akbar Ali Khan
|e 40056
|
| 650 |
|
0 |
|a Social responsibility of business.
|9 52398
|
| 650 |
|
0 |
|a Capitalism
|x Social aspects.
|9 52399
|
| 650 |
|
0 |
|a Economic development
|x Social aspects.
|9 52400
|
| 650 |
|
0 |
|a Sustainable development.
|9 52401
|
| 650 |
|
0 |
|a Economics
|9 52402
|
| 650 |
|
0 |
|a Equality
|x Economic aspects.
|9 52403
|
| 700 |
1 |
|
|a Weber, Karl,
|d 1953-
|e author.
|9 52404
|
| 852 |
|
|
|a Ayesha Abed Library
|c Akbar Ali Khan Collection
|
| 942 |
|
|
|2 ddc
|c BK
|
| 952 |
|
|
|0 0
|1 0
|2 ddc
|4 0
|6 330_000000000000000_YUN
|7 1
|9 72351
|a BRACUL
|b BRACUL
|c AAKC
|d 2022-11-16
|e Donated by Akbar Ali Khan
|g 2890.67
|l 0
|o 330 YUN
|p 3010040056
|r 2022-11-16
|t 1
|w 2022-11-16
|y BK
|x $28.00
|